Statistics for State Capitals Closest to Las Vegas

Click here to take the quiz!

General Stats

  • This quiz has been taken 90 times
  • The average score is 9 of 10

Answer Stats

Distance (Miles)State Capital% Correct
255.4Phoenix
99%
386Sacramento
97%
605.8Denver
94%
364Salt Lake City
94%
733Salem
85%
516.1Santa Fe
85%
517.8Boise
83%
326.5Carson City
81%
654Cheyenne
74%
737.7Helena
65%

Score Distribution

Percentile by Number Answered

Percent of People with Each Score

Your Score History

You have not taken this quiz